Capoluoghi di Provincia contenenti la lettera Z - Statistics

Statistiche generali
  • Questo quiz è stato fatto 74 volte
  • Il punteggio medio è 9 su 12
Statistiche sulle risposte
Lunghezza in lettere Capoluogo % Corretto
8 Piacenza
81%
9 Catanzaro
80%
7 Firenze
80%
6 Arezzo
78%
8 La Spezia
78%
7 Potenza
76%
7 Venezia
76%
7 Vicenza
76%
7 Cosenza
72%
7 Gorizia
72%
7 Bolzano
65%
5 Monza
61%
Nessun quiz corrispondente trovato
Distribuzione punteggi
Percentuale di utenti per punteggio
Percentile per numero di risposta
I tuoi punteggi nel tempo
Non hai fatto questo quiz